| 000 | 00000nam##2200000za#4500 |
| 001 | 9.572708 |
| 003 | CaOODSP |
| 005 | 20210624183340 |
| 007 | cr ||||||||||| |
| 008 | 150406|2006||||xxc|||||o f|0| 0 eng|d |
| 022 | |a1701-1280 |
| 040 | |aCaOODSP|beng |
| 043 | |an-cn--- |
| 086 | 1 |aFs70-4/2006-009E-PDF |
| 110 | 1 |aCanada. |bDepartment of Fisheries and Oceans. |
| 245 | 10|aProceedings of the Maritimes Regional Advisory Process stock assessment update of SPAs 1, 3, 4, 5 and 6 scallop stocks : |h[electronic resource]|b24-25 November 2005, Park Place Hotel & Conference Centre (Ramada Plaza), Dartmouth, Nova Scotia / |c[by] Ross Claytor. |
| 246 | 3 |aRéunion du Processus consultatif régional des provinces Maritimes : mise à jour des évaluations des stocks de pétoncle des APP 1, 3, 4, 5 et 6 |
| 260 | |aDartmouth - Nova Scotia : |bFisheries and Oceans Canada |cJune 2006. |
| 300 | |a27p.|btable |
| 490 | 1 |aCanadian Science Advisory Secretariat proceedings series|x1701-1280|v2006/009 |
| 546 | |aChiefly English, with bilingual foreword, abstract and appendices. |
| 590 | |a11-32-Supp|b2011-12-20 |
| 720 | 1 |aClaytor, Ross |
| 830 | #0|aProceedings series (Canadian Science Advisory Secretariat)|x1701-1280|v2006/009|w(CaOODSP)9.506483 |
| 856 | 40|ahttp://publications.gc.ca|qPDF|s145 KB|uhttps://publications.gc.ca/collections/collection_2011/mpo-dfo/Fs70-4-2006-009-eng.pdf|y2006/009 |